000 01183cam a22002531 4500
001 f 01003061
003 DLC
005 20260227111245.0
008 881210s1874 fr 000 0 fre
010 _af 01003061
035 _a(OCoLC)18883532
040 _aDLC
_cCU
_dCU
_dDLC
042 _apremarc
050 0 0 _aDC611.D242
_bC5
100 1 _aChevalier, Ulysse,
_d1841-1923,
_ecomp.
245 0 0 _aChoix de documents historiques inédits sur le Dauphiné publiés d'après les originaux conservés à la bibliothèque de Grenoble et aux archives de l'Isère,
_cpar l'abbé C.-U.-J. Chevalier ...
260 _aLyon,
_bA. Brun,
_c1874.
300 _aviii, 400 p.
_c25 cm.
440 0 _aCollection de cartulaires dauphinois,
_vt. 7
500 _aAdded t.-p.: Selecta et inedita instrumenta ad historiam Delphinatus pertinentia ... ed. presbyter C.-U.-J. Chevalier ... Monte Belligardi, C.M. Hoffmann, typographus, 1874.
500 _a"Extrait du tome VI de la 3e série du Bulletin de la Société de statistique du département de l'Isère."
500 _a"200 exemplaires sur papier ordinaire, 20 sur papier fort." no. 43.
651 0 _aDauphiné (France)
_xHistory
_xSources.
999 _c22986
_d22986